[Event "Osasco Carvalho Memorial"]
[White "Soares, Nicolas Vitor"]
[Black "Jiang, Lucas Zirui"]
[Site "Osasco"]
[Round "1"]
[Result "0-1"]
[Date "2022.02.18"]
[WhiteElo "1800"]
[BlackElo "1378"]
[PlyCount "146"]
[EventDate "2022.02.18"]
[EventType "swiss"]
[EventRounds "6"]
[EventCountry "BRA"]
[SourceTitle "CBM 207 Extra"]
[Source "ChessBase"]
[SourceDate "2022.05.31"]
[SourceVersion "1"]
[SourceVersionDate "2022.05.31"]
[SourceQuality "1"]

1. e4 c6 2. d4 d5 3. Nc3 dxe4 4. Nxe4 Nf6 5. Nxf6+ gxf6 6. Nf3 Qc7 7. g3 Bg4 8. Bg2 e6 9. h3 Bh5 10. c3 Bd6 11. g4 Bg6 12. Nh4 Nd7 13. Nxg6 hxg6 14. Bd2 Bf4 15. Qe2 Bxd2+ 16. Qxd2 f5 17. Qg5 Qd8 18. Qe3 Nf6 19. g5 Nd5 20. Qe5 Ke7 21. h4 Qc7 22. Bxd5 Qxe5+ 23. dxe5 exd5 24. f4 Ke6 25. Kf2 Rad8 26. Rad1 c5 27. Ke3 Rh5 28. Rd2 b5 29. b3 a5 30. a3 Rdh8 31. Rdh2 a4 32. b4 cxb4 33. cxb4 Rc8 34. Rd2 Rhh8 35. Rd4 Rc3+ 36. Rd3 Rhc8 37. Rhd1 Rxd3+ 38. Kxd3 Rc4 39. Ke3 Re4+ 40. Kf3 d4 41. Rc1 Re3+ 42. Kf2 Rxa3 43. Rc5 Rb3 44. Rxb5 a3 45. Ke2 a2 46. Ra5 Rxb4 47. Rxa2 d3+ 48. Ke3 Re4+ 49. Kf3 Kd5 50. Ra7 Kd4 51. Rxf7 d2 52. Rd7+ Kc3 53. Rc7+ Kd3 54. Rd7+ Kc2 55. Rc7+ Kd1 56. h5 Ke1 57. Rd7 d1Q+ 58. Rxd1+ Kxd1 59. hxg6 Ra4 60. g7 Ra3+ 61. Kg2 Ra8 62. e6 Ke2 63. e7 Ke3 64. Kg3 Ke4 65. Kh4 Kd5 66. Kh5 Ke6 67. Kh6 Kxe7 68. Kh7 Kf7 69. g6+ Kf6 70. g8Q Rxg8 71. Kxg8 Kxg6 72. Kf8 Kh5 73. Kf7 Kg4 0-1